| 000 | 01839nam0a2200373 4500 | ||
|---|---|---|---|
| 001 | RU\NLR\BIBL_A\022622895 | ||
| 005 | 20260408165500.0 | ||
| 035 | _a(NLR Aleph) 022622895 | ||
| 090 |
_a13643073 _c13643073 |
||
| 100 | _a20250916d1982 m y0rusy50 ca | ||
| 101 | 1 |
_afre _crus |
|
| 102 | _aRU | ||
| 105 | _aac z 000yy | ||
| 181 | 0 |
_ai2 _baxxe |
|
| 181 | 0 |
_ab2 _baxxe |
|
| 182 | 0 | _an | |
| 200 | 1 |
_aRembrandt Harmensz. van Rijn _etableaux dans les musées de l'Union soviétique _f[réalisation de Vladimir Loewinson-Lessing _garticles d'introduction par Vladimir Loewinson-Lessing et Xénia Egorova] |
|
| 203 |
_aТекст _aИзображение _bвизуальные _cнепосредственные |
||
| 210 |
_aLeningrad _cAurore _d1982 |
||
| 215 |
_a31, [77] c., 35 л. цв. ил. _cил., портр. _d35 |
||
| 320 | _aБиблиогр. в конце кн. | ||
| 541 | 1 |
_aРембрандт Харменс ван Рейн _eКартины в музеях Советского Союза |
|
| 600 | 1 |
_aРембрандт _bХ. ван Р. _f1606 - 1669 _gХарменс ван Рейн _91278560 _3RU\NLR\AUTH\66527121 |
|
| 606 |
_aЖивопись голландская _z17 в. _xСобрания _yСССР _3RU\NLR\AUTH\66527247 _91278771 |
||
| 686 | 1 | _aЩ143(4Н)44-8Рембрандт | |
| 686 | 1 | _aЩ153(4Н)44-8Рембрандт | |
| 686 | 1 | _aЩ101.3(2)л61 | |
| 700 | 1 |
_7ba _8dut _aRembrandt _bH. van R. _f1606-1669 _gHarmenszoon van Rijn _9252367 _3RU\NLR\AUTH\770252423 |
|
| 702 | 1 |
_4220 _7ba _8rus _aLevinson-Lessing _bV. F. _f1893-1972 _gVladimir Francevič _9250685 _3RU\NLR\AUTH\770250741 |
|
| 702 | 1 |
_4080 _7ba _8rus _aEgorova _bK. S. _cд-р искусствоведения _f1930-1999 _gKsenija Sergeevna _3RU\NLR\AUTH\770180272 _9180221 |
|
| 942 | _cBOOK | ||
| 980 | _aNB | ||